000 00510nam a2200193Ia 4500
003 OSt
005 20240224123318.0
008 210210b1997 xxu||||| |||| 00| 0 eng d
040 _cAL
041 _aKannada
082 _aK894.3 SAYS
100 _aSAYISUTE ಸಾಯಿಸುತೆ
_989739
245 _aSvargada hu.
_bಸ್ವರ್ಗದ ಹೂ
260 _aTumakuru
_bKarnataka Sahitya Prakashana
_c1997
300 _a204
690 _aKannada Fiction
_989740
906 _a052502
942 _2ddc
_cBK
999 _c100924
_d100924